000 00846 a2200277 4500
001 200129539
651 0 _955303
_aTurkey
_xPolitics and government
_d1960-1980.
999 _c200129539
_d31549
003 TR-AnTOB
005 20240814073633.0
020 _a9754781257
040 _aTR-AnTOB
041 _atur
050 0 0 _aDR593
_bM86 1987
090 _aDR593 M86 1987
100 1 _aMumcu, Uğur
_d1942-1993
_989828
245 1 0 _aİnkılap mektupları /
_cUğur Mumcu.
264 1 _aİstanbul :
_bTekin Yayınevi,
_c1993.
300 _a262 p. ;
_c20 cm.
500 _aincludes index.
600 1 4 _aKöksal, Osman,
_d1918-1982
_989829
651 7 _aTürkiye
_xSiyaset ve yönetim
_d1960-1980.
_2
_9120128
651 4 _aTürkiye
_xTarih
_yHükümet darbesi, 1960
_9122636
651 0 _aTurkey
_xHistory
_yCoup d'etat, 1960
_945020
942 _cBK